[Event "Russian Championship G17 1st league 2016"]
[Site "Loo"]
[Date "2016.04.20"]
[Round "1.7"]
[White "Guskova, Alina"]
[Black "Polzunova, Anastasiya"]
[Result "0-1"]
[WhiteElo "1831"]
[BlackElo "1645"]
[PlyCount "88"]
[EventDate "2016.04.20"]

1. d4 d5 2. c4 e5 3. e3 exd4 4. Qxd4 Nf6 5. a3 Nc6 6. Qd1 Be6 7. cxd5 Qxd5 8.
Qxd5 Bxd5 9. Nf3 O-O-O 10. Nbd2 Be7 11. b4 Ne4 12. Bb2 Bf6 13. Bxf6 Nxf6 14.
Be2 Ne4 15. Nxe4 Bxe4 16. O-O Bd3 17. Bxd3 Rxd3 18. Rfd1 Rhd8 19. Rxd3 Rxd3 20.
Kf1 f6 21. Ke2 Rb3 22. Ra2 a5 23. bxa5 Nxa5 24. Nd4 Rb6 25. Nf5 g6 26. Ne7+ Kd7
27. Nd5 Rd6 28. Rd2 Kc6 29. e4 Re6 30. f3 f5 31. Rc2+ Kd6 32. Nxc7 Re5 33. Kd3
fxe4+ 34. fxe4 Nb3 35. Ke3 Ra5 36. Rc3 Nc5 37. Nd5 Ke5 38. Nf4 Nxe4 39. Nd3+
Kd5 40. Rc7 Rxa3 41. Rd7+ Kc6 42. Rd8 Nc5 43. Rc8+ Kd6 44. Rd8+ Kc7 0-1

[Event "Russian Championship G17 1st league 2016"]
[Site "Loo"]
[Date "2016.04.20"]
[Round "1.8"]
[White "Sumenkova, Elena"]
[Black "Shkalikova, Marina"]
[Result "0-1"]
[WhiteElo "1645"]
[BlackElo "1823"]
[PlyCount "92"]
[EventDate "2016.04.20"]

1. Nf3 d5 2. d4 Nf6 3. c4 c6 4. g3 e6 5. Bg2 dxc4 6. Ne5 b5 7. Nxc6 Qb6 8. Ne5
Bb7 9. O-O Be7 10. a4 Bxg2 11. Kxg2 Qb7+ 12. f3 a6 13. axb5 axb5 14. Rxa8 Qxa8
15. Nc3 Qb7 16. e4 O-O 17. Ne2 Qc8 18. Qc2 Na6 19. Bd2 Nd7 20. Nxd7 Qxd7 21.
Ra1 Nb4 22. Bxb4 Bxb4 23. Rd1 Ra8 24. d5 e5 25. Nc3 Bd6 26. Rc1 h6 27. Qf2 b4
28. Nd1 Rc8 29. Qe2 Qa4 30. Ne3 c3 31. Nf5 Bf8 32. Qd3 g6 33. Ne3 Qa2 34. Kh3
Qxb2 35. Rc2 Qa3 36. Nc4 Qa6 37. Nxe5 Qxd3 38. Nxd3 b3 39. Re2 c2 40. e5 b2 41.
Nxb2 c1=Q 42. d6 Qc6 43. Kg2 Bxd6 44. exd6 Qxd6 45. Rf2 Qd4 46. Re2 Rb8 0-1

[Event "Russian Championship G17 1st league 2016"]
[Site "Loo"]
[Date "2016.04.20"]
[Round "1.9"]
[White "Demchenko, Alisa"]
[Black "Zakarian, Diana"]
[Result "1/2-1/2"]
[WhiteElo "1822"]
[BlackElo "1625"]
[PlyCount "96"]
[EventDate "2016.04.20"]

1. d4 Nf6 2. c4 c5 3. d5 b5 4. Nf3 g6 5. cxb5 a6 6. e3 Qb6 7. a4 axb5 8. Bxb5
Ne4 9. O-O Ba6 10. Na3 Nd6 11. Bxa6 Nxa6 12. Ne5 Bg7 13. Nac4 Nxc4 14. Nxc4 Qb7
15. d6 e6 16. Na3 O-O 17. Qe2 Rfb8 18. e4 Qb3 19. Nb5 Nb4 20. Ra3 Qc2 21. Re1
Rxa4 22. Rxa4 Qxa4 23. Nc3 Qc2 24. Qxc2 Nxc2 25. Rd1 Nd4 26. Na4 Nb3 27. Be3
Rb4 28. Nxc5 Nxc5 29. Bxc5 Rxb2 30. g3 Ra2 31. Kg2 Rc2 32. Ba7 Be5 33. Kf3 Kg7
34. Rd3 f5 35. Ke3 Rc3 36. f4 fxe4 37. Rxc3 Bxc3 38. Bd4+ Bxd4+ 39. Kxd4 Kf6
40. Kxe4 g5 41. fxg5+ Kxg5 42. Ke5 h5 43. h3 Kg6 44. Kf4 Kf6 45. g4 hxg4 46.
hxg4 Kg6 47. Kg3 Kg5 48. Kf3 Kg6 1/2-1/2

[Event "Russian Championship G17 1st league 2016"]
[Site "Loo"]
[Date "2016.04.20"]
[Round "1.10"]
[White "Bezverhaya, Marina"]
[Black "Grekhneva, Yana"]
[Result "0-1"]
[WhiteElo "1604"]
[BlackElo "1809"]
[PlyCount "48"]
[EventDate "2016.04.20"]

1. e4 c5 2. d4 cxd4 3. c3 Nf6 4. e5 Nd5 5. cxd4 Nc6 6. Nf3 d6 7. b3 Bg4 8. Bc4
dxe5 9. dxe5 e6 10. O-O Bc5 11. Bb2 O-O 12. h3 Bh5 13. Bxd5 exd5 14. g4 Bg6 15.
Bd4 Bxd4 16. Nxd4 Nxe5 17. Nc3 Rc8 18. Ndb5 a6 19. Qxd5 Bd3 20. Rfd1 Qf6 21.
Rac1 axb5 22. Rxd3 Rfd8 23. Qxb5 Nxd3 24. Nd5 Qxf2+ 0-1

[Event "Russian Championship G17 1st league 2016"]
[Site "Loo"]
[Date "2016.04.20"]
[Round "1.11"]
[White "Danilova, Rada"]
[Black "Shovunova, Maryana"]
[Result "1-0"]
[WhiteElo "1808"]
[BlackElo "1571"]
[PlyCount "87"]
[EventDate "2016.04.20"]

1. d4 d5 2. Nf3 Bf5 3. c4 c6 4. Nc3 e6 5. Bg5 Be7 6. Bxe7 Nxe7 7. Nh4 Nd7 8.
Nxf5 Nxf5 9. e3 O-O 10. Bd3 Qg5 11. cxd5 exd5 12. Qf3 Nh4 13. Qg3 Qxg3 14. hxg3
Ng6 15. b4 b5 16. a4 a6 17. Kd2 Nb6 18. Rhc1 Nc4+ 19. Kc2 f5 20. axb5 axb5 21.
Rxa8 Rxa8 22. Bxf5 Ne7 23. Be6+ Kf8 24. Kd3 Nb2+ 25. Ke2 Ng6 26. Bd7 Ra6 27. e4
dxe4 28. Nxe4 Ne7 29. Nc5 Rb6 30. Ne6+ Kg8 31. Nd8 Nd5 32. Nxc6 Kf8 33. Rc5 Nf6
34. Ne5 Rd6 35. Bxb5 Rxd4 36. Rc8+ Ke7 37. Nc6+ Kd6 38. Rd8+ Kc7 39. Rxd4 Kb6
40. Rd2 Kxb5 41. Nd4+ Kxb4 42. Rxb2+ Kc3 43. Rd2 Ne4 44. Rd3+ 1-0

[Event "Russian Championship G17 1st league 2016"]
[Site "Loo"]
[Date "2016.04.20"]
[Round "1.12"]
[White "Dunaevskaya, Alisa"]
[Black "Vorobyova, Valeriya"]
[Result "1-0"]
[WhiteElo "1558"]
[BlackElo "1784"]
[PlyCount "119"]
[EventDate "2016.04.20"]

1. Nf3 Nf6 2. d4 d5 3. g3 g6 4. Bg2 Bg7 5. O-O O-O 6. c4 dxc4 7. Na3 Nc6 8.
Nxc4 Be6 9. Nce5 Bd5 10. Be3 Nxe5 11. dxe5 Ng4 12. Qd4 Bxf3 13. Bxf3 Nxe5 14.
Qe4 Nxf3+ 15. exf3 b6 16. Rfd1 Qe8 17. Rac1 c5 18. b4 cxb4 19. Qxb4 Rd8 20. Qa3
Rxd1+ 21. Rxd1 Qc6 22. Kg2 Qc7 23. Rc1 Qd7 24. Qa6 Be5 25. Qc4 Rd8 26. Rc2 Qd3
27. Qc6 Qd5 28. Qa4 Qb7 29. Qb5 f6 30. h4 Rc8 31. Rd2 Bd6 32. Bh6 Qc6 33. Qa6
Rc7 34. Rd4 Qc5 35. Qd3 Kf7 36. Qb3+ e6 37. Qd3 Be7 38. Be3 Qc2 39. Qa6 h5 40.
a4 Qf5 41. Qe2 Qc2 42. Qb5 Qc6 43. Qd3 a5 44. Qb3 Bc5 45. Rc4 Qd6 46. Bf4 Qc6
47. Bxc7 Qxc7 48. Re4 Qd6 49. Re1 Qc6 50. Qc4 Qd7 51. Qe4 Bb4 52. Re2 Bc5 53.
g4 hxg4 54. fxg4 f5 55. Qf3 Qxa4 56. gxf5 gxf5 57. Qh5+ Ke7 58. Qg5+ Kd6 59.
Qd8+ Kc6 60. Qe8+ 1-0

[Event "Russian Championship G17 1st league 2016"]
[Site "Loo"]
[Date "2016.04.20"]
[Round "1.13"]
[White "Hilova, Evelina"]
[Black "Zhekotova, Darya"]
[Result "1-0"]
[WhiteElo "1770"]
[BlackElo "1543"]
[PlyCount "147"]
[EventDate "2016.04.20"]

1. e4 e5 2. Nf3 Nf6 3. Nc3 Nc6 4. Bb5 d6 5. d4 Bd7 6. Bg5 Be7 7. O-O h6 8. Bh4
O-O 9. Bxf6 Bxf6 10. Nd5 a6 11. Bxc6 Bxc6 12. c4 Bxd5 13. cxd5 exd4 14. Nxd4
Re8 15. Re1 Be5 16. Rc1 Bxd4 17. Qxd4 Re5 18. Qb4 Rb8 19. Qc3 Rc8 20. f4 Re8
21. Re3 c6 22. Rg3 f6 23. Qb3 Kh8 24. Qxb7 Rc7 25. Qb6 Rxe4 26. Rxc6 Qe8 27. h3
Rce7 28. Rxd6 Kh7 29. Rd8 Qa4 30. Qb8 Re1+ 31. Kh2 Re8 32. Rxe8 Rxe8 33. Qb7
Rg8 34. d6 Qxf4 35. Qe7 Qe5 36. Qxe5 fxe5 37. d7 Rd8 38. Rd3 Kg6 39. Rd6+ Kf7
40. Kg3 Ke7 41. Rd2 Rxd7 42. Rxd7+ Kxd7 43. Kf3 Kd6 44. Ke4 a5 45. b3 Kc5 46.
a3 Kd6 47. b4 a4 48. g3 h5 49. h4 g6 50. b5 Kc5 51. Kxe5 Kxb5 52. Kd5 Kb6 53.
Kc4 Ka5 54. Kc5 Ka6 55. Kb4 Kb6 56. Kxa4 Kc5 57. Kb3 Kb5 58. Kc3 Ka4 59. Kd4
Kxa3 60. Ke5 Kb4 61. Kf6 Kc5 62. Kxg6 Kd6 63. Kxh5 Ke7 64. Kg6 Kf8 65. h5 Kg8
66. h6 Kh8 67. Kh5 Kh7 68. g4 Kg8 69. g5 Kh7 70. g6+ Kh8 71. Kg5 Kg8 72. Kf6
Kh8 73. g7+ Kg8 74. h7+ 1-0

[Event "Russian Championship G17 1st league 2016"]
[Site "Loo"]
[Date "2016.04.20"]
[Round "1.14"]
[White "Lanina, Evgenia"]
[Black "Kirakosyan, Kamilla"]
[Result "0-1"]
[WhiteElo "1499"]
[BlackElo "1769"]
[PlyCount "57"]
[EventDate "2016.04.20"]

1. e4 c5 2. Nf3 g6 3. c4 Bg7 4. d4 cxd4 5. Nxd4 Nc6 6. Be3 Nf6 7. Nc3 d6 8. Be2
O-O 9. O-O Bd7 10. f3 Qb6 11. Na4 Qa5 12. Nxc6 Bxc6 13. Nc3 Rac8 14. Qd2 Rfe8
15. Rac1 Nd7 16. b3 Nc5 17. Rfd1 Qd8 18. Kh1 a5 19. Bd4 Bxd4 20. Qxd4 Qb6 21.
Nd5 Bxd5 22. exd5 a4 23. Rb1 axb3 24. axb3 Qb4 25. Qd2 Qxd2 26. Rxd2 Ra8 27. b4
Nd7 28. Rc2 Rec8 29. f4 {далее запись неразбор~~ива} 0-1

[Event "Russian Championship G17 1st league 2016"]
[Site "Loo"]
[Date "2016.04.20"]
[Round "1.15"]
[White "Tsepilova, Serafima"]
[Black "Bagaeva, Maria"]
[Result "1/2-1/2"]
[WhiteElo "1766"]
[BlackElo "1490"]
[PlyCount "130"]
[EventDate "2016.04.20"]

1. e4 d5 2. exd5 Qxd5 3. Nc3 Qd6 4. Nf3 Nf6 5. d4 c6 6. h3 Bf5 7. Bd3 Bg6 8.
O-O e6 9. Ne2 Be7 10. c3 O-O 11. Ne5 Qd8 12. Nxg6 hxg6 13. Ng3 Nbd7 14. h4 Re8
15. h5 gxh5 16. Nxh5 Nxh5 17. Qxh5 Nf6 18. Qh3 Qd5 19. Be2 Qe4 20. Bf3 Qh7 21.
Qxh7+ Nxh7 22. Rd1 Rad8 23. Be3 Nf6 24. Kf1 g6 25. c4 a6 26. Rd2 Rd7 27. Rad1
Red8 28. a3 Kg7 29. Ke2 Kf8 30. Rd3 Ke8 31. Rh1 e5 32. Rh8+ Bf8 33. Bh6 Ke7 34.
Bxf8+ Rxf8 35. Rxf8 Kxf8 36. dxe5 Re7 37. Rd8+ Kg7 38. Kd3 Re8 39. Rb8 Re7 40.
b4 Nd7 41. Rd8 Nxe5+ 42. Kc3 Nxf3 43. gxf3 Kf6 44. Kd2 Ke6 45. Kd3 Rd7+ 46.
Rxd7 Kxd7 47. Kd4 b6 48. Ke5 Ke7 49. Kd4 Ke6 50. a4 f6 51. b5 axb5 52. axb5
cxb5 53. cxb5 g5 54. f4 gxf4 55. Ke4 f3 56. Kxf3 Ke5 57. Kg4 Kd5 58. Kf5 Kc5
59. Kxf6 Kxb5 60. Ke5 Kc4 61. f4 b5 62. f5 b4 63. f6 b3 64. f7 b2 65. f8=Q b1=Q
1/2-1/2

[Event "Russian Championship G17 1st league 2016"]
[Site "Loo"]
[Date "2016.04.20"]
[Round "1.16"]
[White "Ivanets, Anastasiya"]
[Black "Logunova, Elizaveta"]
[Result "0-1"]
[WhiteElo "1472"]
[BlackElo "1731"]
[PlyCount "117"]
[EventDate "2016.04.20"]

1. d4 Nf6 2. e3 d5 3. Bd3 c6 4. c3 Bg4 5. f3 Bh5 6. g4 Bg6 7. h4 Bxd3 8. Qxd3
Qc7 9. Ne2 e6 10. Bd2 Bd6 11. Rg1 e5 12. dxe5 Bxe5 13. Na3 Nbd7 14. b4 Bd6 15.
g5 Ne5 16. Qf5 Nfd7 17. Nd4 Nb6 18. f4 Nec4 19. Nxc4 Nxc4 20. h5 Qe7 21. Rg2 g6
22. Qg4 Qe4 23. O-O-O a5 24. Qf3 Qxf3 25. Nxf3 axb4 26. Kb1 Nxd2+ 27. Rgxd2
bxc3 28. Rc2 Bb4 29. Rd4 Bc5 30. Rd3 Bb4 31. Rd4 Ba5 32. e4 Ke7 33. Rc1 Rhe8
34. Kc2 dxe4 35. Rxe4+ Kf8 36. Rce1 Rxe4 37. Rxe4 Re8 38. Ra4 b6 39. Nd4 c5 40.
Nb3 Ra8 41. Nxa5 Rxa5 42. Rxa5 bxa5 43. Kxc3 Ke7 44. Kc4 Kd6 45. a4 Kc6 46. Kc3
Kd5 47. Kd3 c4+ 48. Kc3 Kc5 49. Kc2 Kb4 50. Kb2 Kxa4 51. Kc3 Kb5 52. Kd4 a4 53.
Ke5 a3 54. Kf6 a2 55. Kxf7 a1=Q 56. Kg8 Qa7 57. f5 gxf5 58. g6 hxg6 59. hxg6
0-1

[Event "Russian Championship B15 2016"]
[Site "Loo"]
[Date "2016.04.20"]
[Round "1.1"]
[White "Skatchkov, Valery"]
[Black "Kharitonov, Egor"]
[Result "1-0"]
[WhiteElo "2170"]
[BlackElo "1782"]
[PlyCount "41"]
[EventDate "2016.04.20"]

1. d4 d5 2. c4 e6 3. Nf3 Nf6 4. g3 Be7 5. Bg2 O-O 6. O-O dxc4 7. Ne5 Nc6 8.
Nxc6 bxc6 9. Na3 Bxa3 10. bxa3 Rb8 11. Qa4 Bb7 12. Rd1 Nd5 13. Qxc4 Nb6 14. Qc2
Nd7 15. Bf4 Qe7 16. Rab1 Nb6 17. Qc5 Qd7 18. Rdc1 Rfd8 19. e3 Na4 20. Qxa7 Nb6
21. Rxb6 1-0

[Event "Russian Championship B15 2016"]
[Site "Loo"]
[Date "2016.04.20"]
[Round "1.2"]
[White "Sabirov, Timur"]
[Black "Tsoi, Dmitry"]
[Result "0-1"]
[WhiteElo "1781"]
[BlackElo "2127"]
[PlyCount "84"]
[EventDate "2016.04.20"]

1. d4 d5 2. c4 e6 3. Nc3 Be7 4. Nf3 Nf6 5. Bg5 O-O 6. cxd5 Nxd5 7. Bxe7 Qxe7 8.
e4 Nxc3 9. bxc3 b6 10. Bd3 Bb7 11. O-O c5 12. Re1 Qc7 13. Rc1 Rd8 14. e5 h6 15.
Be4 Nc6 16. Re3 Rac8 17. Rc2 Ne7 18. Rce2 Bxe4 19. Rxe4 Nd5 20. Qd3 cxd4 21.
cxd4 Nc3 22. Rc2 Nxe4 23. Rxc7 Rxc7 24. g3 Nc3 25. Qd2 b5 26. Qb2 a5 27. Qa3 a4
28. Qb4 Rb8 29. a3 Nd5 30. Qa5 b4 31. axb4 Rxb4 32. h4 Rc2 33. h5 Kh7 34. Qa6
Rb1+ 35. Kg2 Ne3+ 36. Kh3 Rh1+ 37. Nh2 Rxf2 38. Qd3+ Nf5 39. Kg4 Rfxh2 40. d5
Rh4+ 41. gxh4 Rxh4+ 42. Kf3 Rh3+ 0-1

[Event "Russian Championship B15 2016"]
[Site "Loo"]
[Date "2016.04.20"]
[Round "1.3"]
[White "Pogosyan, Stefan"]
[Black "Belkov, Nikolay"]
[Result "1-0"]
[WhiteElo "2082"]
[BlackElo "1779"]
[PlyCount "69"]
[EventDate "2016.04.20"]

1. d4 f5 2. Nf3 Nf6 3. g3 g6 4. Bg2 Bg7 5. O-O O-O 6. c4 d6 7. Nc3 Nc6 8. d5
Ne5 9. Nxe5 dxe5 10. e4 f4 11. Ne2 Nh5 12. f3 Qd6 13. b3 fxg3 14. hxg3 Qb6+ 15.
Rf2 Nf6 16. Qe1 c6 17. Nc3 cxd5 18. cxd5 Bd7 19. Be3 Qd6 20. Rc1 Rfc8 21. Rfc2
a6 22. Na4 Rxc2 23. Rxc2 Bxa4 24. bxa4 Qd7 25. Qb4 Ne8 26. Kh2 Kf7 27. Bh3 Qd6
28. Be6+ Kf8 29. Bc5 Qc7 30. a5 Nd6 31. a4 Bf6 32. Qb6 Qxb6 33. axb6 Rd8 34.
Bxd6 exd6 35. Rc7 1-0

[Event "Russian Championship B15 2016"]
[Site "Loo"]
[Date "2016.04.20"]
[Round "1.4"]
[White "Goren, Aleksandr"]
[Black "Tsvetkov, Andrey"]
[Result "0-1"]
[WhiteElo "1777"]
[BlackElo "2036"]
[PlyCount "114"]
[EventDate "2016.04.20"]

1. c4 c6 2. d4 d5 3. e3 Nf6 4. Nc3 e6 5. Bd3 Nbd7 6. Nf3 dxc4 7. Bxc4 b5 8. Bd3
a6 9. O-O Bb7 10. b3 Be7 11. Bb2 c5 12. Rc1 O-O 13. Nb1 Ne4 14. Nbd2 Nxd2 15.
Nxd2 Nf6 16. Qe2 cxd4 17. Bxd4 Bd6 18. f4 Re8 19. Nf3 Bxf3 20. Qxf3 e5 21. fxe5
Bxe5 22. Bxe5 Rxe5 23. Rcd1 Qe8 24. Rfe1 Rd8 25. Qg3 Re6 26. Qh4 h6 27. Qg3 Kh8
28. Qf3 Qe7 29. Kf2 g6 30. e4 Kg7 31. Re3 Qc5 32. Ke2 Rde8 33. Rd2 Nd5 34. Rc2
Qxe3+ 35. Qxe3 Nxe3 36. Kxe3 f5 37. a4 fxe4 38. Be2 bxa4 39. bxa4 R8e7 40. Rc8
Rb6 41. Rc3 Kf6 42. a5 Rd6 43. Rc4 Kf5 44. h4 h5 45. Rb4 Rc7 46. Rb6 Rc3+ 47.
Kf2 Rxb6 48. axb6 Rb3 49. Bxa6 Rxb6 50. Be2 Rb2 51. Ke3 Rxe2+ 52. Kxe2 Kf4 53.
Kf2 e3+ 54. Ke2 Ke4 55. Ke1 Kd3 56. Kd1 e2+ 57. Ke1 Ke3 0-1

[Event "Russian Championship B15 2016"]
[Site "Loo"]
[Date "2016.04.20"]
[Round "1.5"]
[White "Makarian, Rudik"]
[Black "Subatovich, Daniil"]
[Result "1-0"]
[WhiteElo "2016"]
[BlackElo "1763"]
[PlyCount "89"]
[EventDate "2016.04.20"]

1. e4 e5 2. Bc4 Nf6 3. d3 Nc6 4. Nc3 Bc5 5. f4 d6 6. f5 h5 7. Bg5 Na5 8. Bb3
Nxb3 9. axb3 c6 10. Nf3 b5 11. Qe2 Qb6 12. O-O-O Ng4 13. h3 Nf2 14. d4 Nxd1 15.
Rxd1 exd4 16. Nd5 Qa5 17. Kb1 Bd7 18. e5 O-O 19. Ne7+ Kh7 20. Bf6 gxf6 21. Ng5+
Kh6 22. Ne4 fxe5 23. Nf6 Rh8 24. b4 Bxb4 25. Qxh5+ Kg7 26. Qg5+ Kf8 27. Nxd7+
Ke8 28. Nxc6 Kxd7 29. Nxa5 Bxa5 30. Qf6 Rhf8 31. c3 Bd8 32. Qg7 Bb6 33. Qg4 Rg8
34. Qe4 Rac8 35. cxd4 Bxd4 36. g4 Rc5 37. Qb7+ Rc7 38. Qd5 Ke7 39. f6+ Kd8 40.
Rc1 Bc5 41. Rxc5 Rxc5 42. Qxd6+ Kc8 43. Qxc5+ Kb7 44. Qe7+ Kb6 45. Qxf7 1-0

[Event "Russian Championship B15 2016"]
[Site "Loo"]
[Date "2016.04.20"]
[Round "1.6"]
[White "Poznyak, Nazar"]
[Black "Grachev, Alexey"]
[Result "1/2-1/2"]
[WhiteElo "1762"]
[BlackElo "1990"]
[PlyCount "82"]
[EventDate "2016.04.20"]

1. e4 c5 2. Nf3 Nc6 3. d4 cxd4 4. Nxd4 g6 5. Nc3 Bg7 6. Be3 Nf6 7. Bc4 Qa5 8.
O-O O-O 9. Bb3 d6 10. f3 Bd7 11. Re1 Rfe8 12. Qe2 Rac8 13. Rad1 Nxd4 14. Bxd4
b5 15. a3 Bc6 16. Qf2 Rc7 17. Ne2 Rec8 18. Bc3 Qa6 19. Rd2 Nd7 20. Nd4 Nb6 21.
Red1 Be8 22. Rd3 Na4 23. Bxa4 Qxa4 24. Qd2 Qa6 25. Ne2 Bd7 26. Rc1 Be6 27. Bxg7
Kxg7 28. Nf4 Qb6+ 29. Kh1 Bc4 30. Re3 Be6 31. c3 Qc5 32. Rd1 Bb3 33. Rde1 f6
34. g3 a5 35. Nd3 Qc6 36. Nf4 Qd7 37. Nd5 Rb7 38. R3e2 Bc4 39. Re3 Bb3 40. R3e2
Bc4 41. Re3 Bb3 1/2-1/2

[Event "Russian Championship B15 2016"]
[Site "Loo"]
[Date "2016.04.20"]
[Round "1.7"]
[White "Tsybikov, Tumen"]
[Black "Gabitov, Bulat"]
[Result "1-0"]
[WhiteElo "1977"]
[BlackElo "1742"]
[PlyCount "75"]
[EventDate "2016.04.20"]

1. e4 e6 2. d4 d5 3. Bd3 Nf6 4. e5 Nfd7 5. Nf3 c5 6. c3 Be7 7. O-O Nc6 8. a3 a6
9. Be3 b5 10. Nbd2 c4 11. Bb1 Nb6 12. Re1 a5 13. Nf1 Bb7 14. Ng3 h6 15. Nd2 a4
16. Qf3 Bf8 17. Qg4 Qe7 18. Nh5 O-O-O 19. Bc2 g6 20. Nf4 h5 21. Qf3 Bh6 22. Nh3
Bxe3 23. fxe3 Rdf8 24. Rf1 Nd7 25. Nf4 Rhg8 26. e4 dxe4 27. Nxe4 Na5 28. Qe3
Bxe4 29. Bxe4 f5 30. exf6 Rxf6 31. Bf3 Qd6 32. Nh3 Rgf8 33. Ng5 e5 34. Ne4 Qe6
35. Nxf6 Rxf6 36. Qe4 Nb6 37. dxe5 Rf5 38. Rae1 1-0

[Event "Russian Championship B15 2016"]
[Site "Loo"]
[Date "2016.04.20"]
[Round "1.8"]
[White "Kulik, Artur"]
[Black "Kulaev, Maxim"]
[Result "0-1"]
[WhiteElo "1739"]
[BlackElo "1966"]
[PlyCount "102"]
[EventDate "2016.04.20"]

1. d4 Nf6 2. c4 c5 3. d5 d6 4. Nc3 g6 5. Nf3 Bg7 6. Bf4 O-O 7. e4 Nbd7 8. h3
Nh5 9. Be3 Qb6 10. Qd2 Qb4 11. Be2 Nb6 12. g4 Nf6 13. a3 Qa5 14. O-O Nbd7 15.
Nh2 Ne8 16. f4 Qb6 17. Nf3 Qd8 18. Kh2 Nb6 19. a4 Nd7 20. Qe1 e6 21. dxe6 fxe6
22. Ng5 Nb8 23. Rd1 Qb6 24. Nb5 a6 25. a5 Qc6 26. Nc3 Qc7 27. Qh4 h6 28. Nf3
Nc6 29. g5 h5 30. Qg3 b6 31. Nh4 Ne7 32. Kg1 Ra7 33. f5 exf5 34. exf5 Nxf5 35.
Nxf5 Bxf5 36. Nd5 Qd8 37. axb6 Raf7 38. Bf4 Bd4+ 39. Kh2 Ng7 40. Bxd6 Re8 41.
Bf3 h4 42. Qf4 Ne6 43. Nf6+ Rxf6 44. Bd5 Rf7 45. Bc7 Qxc7 46. bxc7 Nxf4 47.
Bxf7+ Kxf7 48. Rxf4 Be5 49. Rd7+ Kf8 50. Rd8 Bxf4+ 51. Kg2 Bxc7 0-1

[Event "Russian Championship B15 2016"]
[Site "Loo"]
[Date "2016.04.20"]
[Round "1.9"]
[White "Gaydym, Arseniy"]
[Black "Grankin, Alexey"]
[Result "1-0"]
[WhiteElo "1959"]
[BlackElo "1734"]
[PlyCount "91"]
[EventDate "2016.04.20"]

1. e4 e5 2. Nf3 Nc6 3. Bb5 Nf6 4. d3 Bc5 5. O-O d6 6. c3 Bg4 7. Nbd2 O-O 8. Re1
Ne7 9. h3 Bh5 10. Nf1 c6 11. Ba4 Qb6 12. Qe2 a5 13. Ng3 h6 14. Nxh5 Nxh5 15. a3
Nf6 16. Bd2 Qc7 17. d4 Ba7 18. Rad1 b5 19. Bc2 Ng6 20. Bc1 Rab8 21. Nh2 Rfe8
22. Qf3 b4 23. Bxh6 Nxe4 24. Rxe4 gxh6 25. Ng4 Kg7 26. Qf6+ Kh7 27. Nxh6 Qe7
28. Qxf7+ Kxh6 29. Qf3 Rf8 30. Qe3+ Kg7 31. Rg4 Rf6 32. Qg5 Rg8 33. Bxg6 Kf8
34. Qh6+ Qg7 35. Qxg7+ Rxg7 36. Bh5 Rh7 37. Rg5 bxa3 38. bxa3 exd4 39. cxd4 Rf4
40. Re1 Rxh5 41. Rxh5 Bxd4 42. Re2 Bc5 43. Ra2 Ra4 44. g3 Bxa3 45. Rf5+ Ke7 46.
Rf3 1-0

[Event "Russian Championship B15 2016"]
[Site "Loo"]
[Date "2016.04.20"]
[Round "1.10"]
[White "Rustamov, Sezqin"]
[Black "Stukan, Martin"]
[Result "0-1"]
[WhiteElo "1732"]
[BlackElo "1956"]
[PlyCount "106"]
[EventDate "2016.04.20"]

1. e4 c5 2. Nf3 d6 3. d4 cxd4 4. Nxd4 Nf6 5. Nc3 a6 6. Bg5 e6 7. Qd2 Be7 8. h4
Nbd7 9. O-O-O Qc7 10. f3 h6 11. Be3 Ne5 12. g4 Bd7 13. Bd3 b5 14. g5 Nh5 15.
gxh6 g6 16. f4 Ng4 17. f5 Nxe3 18. Qxe3 Bf8 19. Kb1 Bxh6 20. Qf3 b4 21. Nce2 e5
22. fxg6 fxg6 23. Qg2 Rg8 24. Nf5 Bf8 25. Nfg3 Be6 26. Nxh5 gxh5 27. Qf3 Bg4
28. Qe3 Rg6 29. Rdf1 Bh6 30. Qf2 a5 31. Bb5+ Kd8 32. Qf7 Qxf7 33. Rxf7 Rb8 34.
Bd3 Be6 35. Ra7 Bf8 36. Nc1 Bd7 37. Rxa5 Be7 38. Be2 Bg4 39. Rg1 Bxh4 40. Rb5
Rxb5 41. Bxb5 Bf2 42. Rg2 Be3 43. Be2 Rf6 44. a3 bxa3 45. bxa3 Rf2 46. Rxf2
Bxf2 47. Nd3 Bxe2 48. Nxf2 h4 49. Kb2 Bf1 50. Kc3 h3 51. a4 h2 52. a5 Bg2 53.
Kc4 Bxe4 0-1

[Event "Russian Championship B15 2016"]
[Site "Loo"]
[Date "2016.04.20"]
[Round "1.11"]
[White "Kazmin, Semen"]
[Black "Radochin, Oleg"]
[Result "0-1"]
[WhiteElo "1942"]
[BlackElo "1729"]
[PlyCount "120"]
[EventDate "2016.04.20"]

1. e4 c5 2. Nf3 Nc6 3. d4 cxd4 4. Nxd4 g6 5. Nc3 Bg7 6. Be3 Nf6 7. Nxc6 bxc6 8.
e5 Ng8 9. f4 d6 10. Bc4 d5 11. Be2 Nh6 12. g4 O-O 13. h3 f6 14. exf6 exf6 15.
Qd2 Nf7 16. O-O-O Re8 17. Rhe1 Qa5 18. a3 Bf8 19. Nb1 Qxd2+ 20. Bxd2 Bd6 21.
Bd3 Bd7 22. Nc3 Kg7 23. Kb1 Rab8 24. Ka1 g5 25. fxg5 Nxg5 26. Bxg5 fxg5 27. Rf1
h6 28. Rf3 Rf8 29. Rdf1 Rxf3 30. Rxf3 Rf8 31. Rxf8 Bxf8 32. b4 Kf6 33. Kb2 Ke5
34. Ne2 h5 35. gxh5 Bxh3 36. Ng1 Bg4 37. Be2 Kf4 38. Kc3 Bxe2 39. Nxe2+ Kg4 40.
Kd3 Kxh5 41. Ke3 Kg4 42. Nd4 c5 43. Nc6 cxb4 44. axb4 Kh3 45. c3 g4 46. Nd4 g3
47. Ne2 g2 48. Nf4+ Kh2 49. Nxg2 Kxg2 50. Kd4 Bg7+ 51. Kxd5 Bxc3 52. b5 Ba5 53.
Kc4 Bb6 54. Kd3 Kf3 55. Kd2 Ke4 56. Kc3 Kd5 57. Kb4 Kd4 58. Kb3 Kc5 59. Ka4 Kc4
60. Ka3 Kxb5 0-1

[Event "Russian Championship B15 2016"]
[Site "Loo"]
[Date "2016.04.20"]
[Round "1.12"]
[White "Averyanov, Grigori"]
[Black "Don, Aleksandr"]
[Result "1/2-1/2"]
[WhiteElo "1716"]
[BlackElo "1933"]
[PlyCount "81"]
[EventDate "2016.04.20"]

1. d4 d5 2. c4 e6 3. Nf3 Nf6 4. g3 c6 5. Bg2 dxc4 6. Ne5 Nbd7 7. Nxc4 Be7 8.
O-O O-O 9. Nc3 Nb6 10. Ne5 Bd6 11. Nd3 Nbd7 12. e4 e5 13. Be3 b6 14. f4 exd4
15. Bxd4 Be7 16. e5 Nb8 17. Nf2 Nd5 18. Nxd5 cxd5 19. Qf3 Bb7 20. f5 f6 21. e6
Nc6 22. Rad1 Ne5 23. Qe2 Bd6 24. Ng4 Nc6 25. Be3 d4 26. Bxc6 Bxc6 27. Qc4 Qc7
28. Rxd4 h5 29. e7+ Rf7 30. Rc1 Bc5 31. Rd8+ Rxd8 32. exd8=Q+ Qxd8 33. Bxc5
bxc5 34. Qxc5 hxg4 35. Qxc6 Qd4+ 36. Kh1 Qxb2 37. Qc2 Qxc2 38. Rxc2 Rb7 39. Kg2
Kh7 40. h3 gxh3+ 41. Kxh3 1/2-1/2

[Event "Russian Championship B15 2016"]
[Site "Loo"]
[Date "2016.04.20"]
[Round "1.13"]
[White "Kirillov, Dmitry"]
[Black "Shadunts, Kirill"]
[Result "1-0"]
[WhiteElo "1930"]
[BlackElo "1715"]
[PlyCount "73"]
[EventDate "2016.04.20"]

1. e4 e6 2. d4 d5 3. Nd2 c5 4. Ngf3 Nf6 5. exd5 Nxd5 6. Nb3 cxd4 7. Nbxd4 Nd7
8. Bd3 Be7 9. O-O O-O 10. c4 N5f6 11. Re1 Kh8 12. Bf4 Nh5 13. Bd2 Nhf6 14. Bc3
a6 15. b4 Qc7 16. a3 b6 17. Qe2 Bb7 18. Rad1 Rad8 19. Bb2 Bd6 20. h3 Bf4 21.
Nb3 Rfe8 22. c5 bxc5 23. Nxc5 Nxc5 24. bxc5 Qxc5 25. Bxf6 gxf6 26. Qb2 Bxf3 27.
Qxf6+ Kg8 28. Bxh7+ Kxh7 29. Qxf7+ Kh8 30. Rd7 Rxd7 31. Qxe8+ Kg7 32. Qxd7+ Kf8
33. Qd8+ Kf7 34. gxf3 Bg3 35. Qd7+ Kf8 36. Qd2 a5 37. Qh6+ 1-0

[Event "Russian Championship B15 2016"]
[Site "Loo"]
[Date "2016.04.20"]
[Round "1.14"]
[White "Shaykhaliev, Dzhokhar"]
[Black "Ismagilov, Damir"]
[Result "0-1"]
[WhiteElo "1710"]
[BlackElo "1929"]
[PlyCount "82"]
[EventDate "2016.04.20"]

1. e4 c5 2. Nf3 Nc6 3. d4 cxd4 4. Nxd4 g6 5. c4 Bg7 6. Be3 Nf6 7. Nc3 Ng4 8.
Qxg4 Nxd4 9. Qd1 Ne6 10. Be2 O-O 11. O-O d6 12. Qd2 Bd7 13. Rab1 a5 14. f4 Bc6
15. Bf3 b6 16. Kh1 Nc5 17. Bd4 Rc8 18. Bxg7 Kxg7 19. b4 axb4 20. Rxb4 Kg8 21.
Rfb1 Rb8 22. Nd5 Bxd5 23. exd5 Qc7 24. Be2 Qa7 25. a4 Qa5 26. Qe3 Nxa4 27. R4b3
Qc5 28. Bd1 Qxc4 29. Bf3 Qc7 30. f5 Nc5 31. Rb4 Kh8 32. Qc3+ Kg8 33. Rh4 Qc8
34. fxg6 fxg6 35. Bg4 Qa6 36. Rg1 Rf1 37. Be6+ Nxe6 38. dxe6 Rbf8 39. h3 Rxg1+
40. Kxg1 Qe2 41. Qc1 Qf2+ 0-1